| 000 | 01085nam a22003250a 4500 | ||
|---|---|---|---|
| 001 | PT5592 | ||
| 003 | AR-LpoUNG | ||
| 005 | 20210131232128.0 | ||
| 008 | 191001s2000||||uy |||||||||||||||||spa d | ||
| 020 |
_as/n _c$10,67 |
||
| 040 |
_aAR-LpoUNG _bspa _cAR-LpoUNG _eaacr |
||
| 041 | _aspa | ||
| 044 | _auy | ||
| 082 | 0 | _a371.934 639de | |
| 100 | 1 | _aTorres, Rosa María | |
| 245 | 1 | 0 |
_aUna década de educación para todos : _bla tarea pendiente |
| 250 | _a1§ edición | ||
| 260 |
_aMontevideo : _bFUM - Queduca, _c2000. |
||
| 300 |
_a119 p. : _bgráfs. |
||
| 520 | _aEsta obra es una importante contribución al debate que, ha de tener lugar en Uruguay sobre las ideas rectoras en el área educacional, lo que la autora supone un debate más global sobre el presente y el futuro de la sociedad como un todo. | ||
| 650 | 4 | _aEDUCACION | |
| 650 | 4 | _aENSEÑANZA | |
| 650 | 4 | _aIGUALDAD DE OPORTUNIDADES | |
| 650 | 4 | _aINDICADORES EDUCATIVOS | |
| 650 | 4 | _aJUSTICIA SOCIAL | |
| 650 | 4 | _aPOLITICA EDUCATIVA | |
| 651 | 4 | _aAmérica Latina | |
| 905 | _a5592 | ||
| 942 | _cLIB | ||
| 999 |
_c13889 _d13889 |
||